Welcome to the Holygrace Academy Library

Please use search bar below to get started

DC QUIZ BOOK (Record no. 6596)

MARC details
000 -LEADER
fixed length control field 00297nam a22001337a 4500
020 ## - INTERNATIONAL STANDARD BOOK NUMBER
ISBN 81-264-0326-8
082 ## - DEWEY DECIMAL CLASSIFICATION NUMBER
Classification number 001
Item number PUR/D
100 ## - MAIN ENTRY--AUTHOR NAME
Personal name PURUSHOTTAMAN, KAMAL
245 ## - TITLE STATEMENT
Title DC QUIZ BOOK
260 ## - PUBLICATION, DISTRIBUTION, ETC. (IMPRINT)
Place of publication KOTTAYAM
Name of publisher DC BOOKS
Year of publication 2010
300 ## - PHYSICAL DESCRIPTION
Number of Pages 240
650 ## - SUBJECT ADDED ENTRY--TOPICAL TERM
Topical Term GENERAL KNOWLEDGE
Geographic subdivision INDIA
942 ## - ADDED ENTRY ELEMENTS (KOHA)
Koha item type Books
Holdings
Withdrawn status Lost status Collection code Home library Current library Shelving location Date acquired Source of acquisition Cost, normal purchase price Full call number Accession Number Koha item type
    G.K Main Library Main Library SHELF-17B-- G.K RELATED QUIZ BOOK 01/06/2017 purchase 125.00 001 PUR/D 04395 Books